India's Biggest Cover-Up/ (Record no. 186177)

MARC details
000 -LEADER
fixed length control field 00542nam a22001817a 4500
005 - DATE AND TIME OF LATEST TRANSACTION
control field 20220216100539.0
010 ## - LCCN (DPL NO)
LC control number ENG-131610
020 ## - INTERNATIONAL STANDARD BOOK NUMBER
International Standard Book Number 9789380828695
Terms of availability 600.00
035 ## - SYSTEM CONTROL NUMBER
System control number EN-115142
037 ## - SOURCE OF ACQUISITION
Source of stock number/acquisition DBAD
082 ## - DEWEY DECIMAL CLASSIFICATION NUMBER
Classification number 954.035
100 ## - MAIN ENTRY--PERSONAL NAME
Personal name Dhar, Anuj
245 ## - TITLE STATEMENT
Title India's Biggest Cover-Up/
Statement of responsibility, etc Anuj Dhar
260 ## - PUBLICATION, DISTRIBUTION, ETC. (IMPRINT)
Place of publication, distribution, etc New Delhi
Name of publisher, distributor, etc Renu Kaul Verma
Date of publication, distribution, etc 2018
270 ## - ADDRESS
Address 2/15, Ansari Road, Daryaganj
City New Delhi
Postal code 110002
Electronic mail address info@vitastapublishing.com
300 ## - PHYSICAL DESCRIPTION
Extent 425p.
Other physical details Notes
Dimensions 23cm(hbk)
942 ## - ADDED ENTRY ELEMENTS (KOHA)
Source of classification or shelving scheme Dewey Decimal Classification
Item type English Books
Classification part 954.035
Call number suffix DHA
Holdings
Withdrawn status Lost status Not for loan Collection code Home library Current library Date acquired Source of acquisition Cost, normal purchase price Full call number Barcode Copy number Cost, replacement price Koha item type
      Non-fiction Bawana Bawana 16/02/2022 DBAD/PUB 600.00 954.035 DHA EN-115142 1 600.00 English Books

© Delhi Public Library
Hit Counter
free hit counter